[Event "Barcelona Sants op 07th"]
[White "Aguilar Garrido, Ivan"]
[Black "Hernando Rodrigo, Julio Antonio"]
[Site "Barcelona"]
[Round "9"]
[Result "0-1"]
[Date "2005.09.03"]
[WhiteElo "2203"]
[BlackElo "2371"]
[PlyCount "68"]
[EventDate "2005.08.27"]
[EventType "swiss"]
[EventRounds "10"]
[EventCountry "ESP"]
[SourceTitle "CBM 108 Extra"]
[Source "ChessBase"]
[SourceDate "2005.11.04"]
[SourceVersion "1"]
[SourceVersionDate "2005.11.04"]
[SourceQuality "1"]

1. d4 Nf6 2. c4 c5 3. d5 b5 4. Qc2 d6 5. e4 g6 6. cxb5 Bg7 7. Bc4 a6 8. Nc3 0-0 9. Nge2 axb5 10. Nxb5 Nbd7 11. Nec3 Nb6 12. Be2 Nfd7 13. 0-0 Ne5 14. f4 Ned7 15. Be3 f5 16. exf5 gxf5 17. a4 Nf6 18. Rfd1 Bb7 19. Bf3 Nc4 20. Qe2 Nxe3 21. Qxe3 Rf7 22. h3 Bc8 23. Qd3 Qa5 24. Qc4 Bd7 25. Ra3 Kh8 26. Rb3 Rg8 27. Re1 h5 28. Na3 Ne4 29. Bxe4 fxe4 30. Kh2 Rxf4 31. Rxe4 Rf2 32. Ne2 Be5+ 33. Rg3 Rxg3 34. Nxg3 Qd2 0-1

[Event "Catalunya-chT"]
[White "Aguilar Garrido, Ivan"]
[Black "Anguera Maestro, Jaime"]
[Site "Spain"]
[Round "?"]
[Result "1/2-1/2"]
[Date "2004.??.??"]
[WhiteElo "2189"]
[BlackElo "2178"]
[PlyCount "130"]
[EventDate "2004.??.??"]
[EventType "team-tourn"]
[EventRounds "9"]
[EventCountry "ESP"]
[SourceTitle "EXT 2007"]
[Source "ChessBase"]
[SourceDate "2006.11.23"]
[SourceVersion "1"]
[SourceVersionDate "2006.11.23"]
[SourceQuality "1"]

1. c4 Nf6 2. Nc3 c6 3. e4 d6 4. d4 g6 5. f4 Bg7 6. Nf3 0-0 7. Be2 e5 8. dxe5 dxe5 9. Qxd8 Rxd8 10. Nxe5 Na6 11. 0-0 Nc5 12. Bf3 Ne8 13. Be3 Bxe5 14. fxe5 Nd3 15. Rad1 Be6 16. b3 Nxe5 17. Rxd8 Rxd8 18. Bxa7 Rd3 19. Nb1 Nxf3+ 20. Rxf3 Rd7 21. Nc3 b5 22. cxb5 Rxa7 23. bxc6 Ra6 24. Nd5 Rxa2 25. Rc3 Nd6 26. Nf6+ Kf8 27. e5 Nb5 28. Rd3 Ra8 29. g4 Rc8 30. Nxh7+ Ke7 31. Nf6 Rxc6 32. g5 Rc8 33. Kf2 Rd8 34. Re3 Rd2+ 35. Ke1 Rxh2 36. Rd3 Rh8 37. b4 Rd8 38. Re3 Rd4 39. Re2 Bc4 40. Rc2 Ke6 41. Kf2 Kxe5 42. Ke3 Rd3+ 43. Kf2 Kd4 44. Re2 Kc3 45. Re7 Kxb4 46. Nd7 Be6 47. Ne5 Rd5 48. Nxg6 fxg6 49. Rxe6 Rxg5 50. Ke3 Kc5 51. Kf4 Rg1 52. Re5+ Kc4 53. Rg5 Rf1+ 54. Ke5 Nd4 55. Rxg6 Re1+ 56. Kf4 Rf1+ 57. Ke5 Rf5+ 58. Ke4 Rf8 59. Rg5 Re8+ 60. Re5 Ne6 61. Kf5 Nd4+ 62. Ke4 Rd8 63. Re7 Rc8 64. Rd7 Re8+ 65. Kf4 Kd3 1/2-1/2

[Event "Barbera del Valles op 26th"]
[White "De la Paz Perdomo, Frank"]
[Black "Aguilar Garrido, Ivan"]
[Site "Barbera del Valles"]
[Round "1"]
[Result "1-0"]
[Date "2003.07.06"]
[WhiteElo "2442"]
[BlackElo "2183"]
[PlyCount "71"]
[EventDate "2003.07.06"]
[EventType "swiss"]
[EventRounds "9"]
[EventCountry "ESP"]
[SourceTitle "CBM 095 Extra"]
[Source "ChessBase"]
[SourceDate "2003.09.04"]
[SourceVersion "1"]
[SourceVersionDate "2003.09.04"]
[SourceQuality "1"]

1. e4 c5 2. Nf3 Nc6 3. Bb5 g6 4. 0-0 Bg7 5. Re1 Nf6 6. e5 Nd5 7. Nc3 Nc7 8. Bxc6 dxc6 9. Ne4 Bg4 10. Nxc5 Qd5 11. d4 b6 12. Nb3 c5 13. dxc5 Qxd1 14. Rxd1 Bxe5 15. Re1 Bg7 16. Ne5 Be6 17. cxb6 axb6 18. Nd4 Bd5 19. Nec6 Ne6 20. Nxe6 Bxe6 21. c3 Kd7 22. Nb4 Kc7 23. Bf4+ Kb7 24. Be5 Bxe5 25. Rxe5 Rhd8 26. Rae1 Rd2 27. R5e2 Rad8 28. f3 b5 29. Nc2 Bxa2 30. Nd4 Rxe2 31. Rxe2 Rd7 32. b3 Bb1 33. Re1 Bd3 34. Re3 b4 35. Rxd3 bxc3 36. Ne6 1-0

[Event "Barcelona op-A"]
[White "Sanchez Lopez, Juan Manuel"]
[Black "Aguilar Garrido, Ivan"]
[Site "Barcelona"]
[Round "4"]
[Result "1/2-1/2"]
[Date "2003.??.??"]
[WhiteElo "2057"]
[BlackElo "2193"]
[PlyCount "46"]
[EventDate "2003.04.??"]
[EventType "swiss"]
[EventRounds "7"]
[EventCountry "ESP"]
[SourceTitle "EXT 2010"]
[Source "ChessBase"]
[SourceDate "2010.11.25"]
[SourceVersion "1"]
[SourceVersionDate "2010.11.25"]
[SourceQuality "1"]

1. c4 g6 2. Nc3 Bg7 3. d4 c5 4. Nf3 cxd4 5. Nxd4 Nc6 6. Nc2 Nf6 7. g3 Qa5 8. Bg2 Qc5 9. Be3 Qxc4 10. Na3 Qb4 11. Nab5 0-0 12. a3 Qa5 13. b4 Qd8 14. 0-0 a6 15. Nd4 Ng4 16. Nxc6 Nxe3 17. Nxd8 Nxd1 18. Raxd1 Bxc3 19. Nxb7 Rb8 20. Na5 Bf6 21. Rd2 d6 22. Rc1 Bd7 23. Rc7 Bb5 1/2-1/2

[Event "Barcelona op"]
[White "De la Riva, Jordi"]
[Black "Aguilar Garrido, Ivan"]
[Site "Barcelona"]
[Round "1"]
[Result "0-1"]
[Date "2002.10.04"]
[WhiteElo "2335"]
[BlackElo "2155"]
[PlyCount "138"]
[EventDate "2002.10.14"]
[EventType "swiss"]
[EventRounds "8"]
[EventCountry "ESP"]
[SourceTitle "EXT 2004"]
[Source "ChessBase"]
[SourceDate "2003.11.25"]
[SourceVersion "1"]
[SourceVersionDate "2003.11.25"]
[SourceQuality "1"]

1. e4 c5 2. Nc3 Nc6 3. g3 g6 4. Bg2 Bg7 5. d3 d6 6. Be3 e6 7. Qd2 Qa5 8. Nge2 Nd4 9. 0-0 Ne7 10. Nc1 0-0 11. Nb3 Qd8 12. h4 Rb8 13. Nd1 b6 14. c3 Ndc6 15. d4 cxd4 16. cxd4 Ba6 17. Re1 d5 18. e5 Qd7 19. Bf4 Rbc8 20. h5 Bc4 21. g4 f6 22. Bg3 fxe5 23. dxe5 gxh5 24. gxh5 Nf5 25. Bf4 Bxb3 26. axb3 Ncd4 27. Ne3 Nxb3 28. Qe2 Nxa1 29. Rxa1 Nxe3 30. fxe3 h6 31. Bh3 Kh8 32. Qg4 Rc6 33. Kh1 Qf7 34. Rg1 Rg8 35. Qe2 Bf8 36. Rf1 Qh7 37. Rf2 Rc1+ 38. Kh2 Qe4 39. Bg2 Qc4 40. Qxc4 Rxc4 41. Bh3 Rc6 42. Bf1 Bg7 43. Bd3 Rf8 44. Rg2 d4 45. Rg6 dxe3 46. Kg3 Rc1 47. Rxe6 Rd1 48. Ba6 Re1 49. Bxh6 e2 50. Bxg7+ Kxg7 51. Rg6+ Kh7 52. Bd3 Kh8 53. Rh6+ Kg8 54. Rg6+ Kh8 55. Rh6+ Kg7 56. Rg6+ Kf7 57. Kf2 Rh1 58. Bxe2 Ke7+ 59. Ke3 Rh2 60. Bc4 Rxh5 61. Re6+ Kd8 62. Kd4 a5 63. Rg6 Rff5 64. e6 Rh4+ 65. Kc3 b5 66. e7+ Ke8 67. Be2 Re5 68. Bf1 a4 69. Rg7 b4+ 0-1